00590cam a22001931 45000010005000000030008000050050017000130080039000300350018000690400032000870410008001190820021001271000049001482450053001972600067002503000034003175040030003516500015003816981BD-RjUL20211208234340.0140113r19661963nyua b 000 0 eng a(BD-RjUL)7023 aDLCcDLCdDLCdBD-RjULbeng aeng00a519.5 bHAS 19661 aHays, William L.q(William Lee),d1926-1995.10aStatistics for psychologists /cWilliam L. Hays. aNew York :bHolt, Rinehart and Winston,cc1963 [printed 1966]. axvi, 719 p. :bill. ;c26 cm. aBibliography: p. 697-699. 0aStatistics